[Event "Druzynowe Mistrzostwa Polski Juniorow 2019 - II Liga"]
[Site "Szczyrk"]
[Date "1899-12-30"]
[Round "3.112"]
[White "Rosinski, Filip"]
[Black "Jemiola, Jeremi"]
[Result "1-0"]
[WhiteTitle "II"]
[BlackTitle "III"]
[WhiteElo "1375"]
[BlackElo "1000"]

1. e4 e5 2. Nf3 Nc6 3. Bc4 Bc5 4. O-O Nf6 5. d3 d6 6. h3 O-O 7. Bg5 h6 8. Bh4 Nd4
9. Nc3 c6 10. Nxd4 Bxd4 11. Qf3 g5 12. Bg3 Kg7 13. Qe2 b5 14. Bb3 a5 15. a4 b4
16. Nd1 h5 17. c3 Bb6 18. Qd2 Kg6 19. h4 Ng4 20. d4 Ba6 21. Re1 gxh4 22. Bh2 Qf6
23. Bc2 Rfd8 24. f4 Kg7 25. Ne3 Nxh2 26. Nf5+ Kf8 27. Kxh2 Qg6 28. Nxh4 Qg4 29.
Nf5 f6 30. Bd1 Qg6 31. Qe3 Ke8 32. Qh3 Bc8 33. Bxh5 Kf7 34. Bxg6+ Kxg6 35. Qh6+
Kf7 36. Qh7+ Ke6 37. Qe7# 1-0

[Event "Druzynowe Mistrzostwa Polski Juniorow 2019 - II Liga"]
[Site "Szczyrk"]
[Date "1899-12-30"]
[Round "3.113"]
[White "Polak, Sylwia"]
[Black "Piotrowska, Florentyna"]
[Result "1-0"]
[WhiteTitle "I+"]
[BlackTitle "I"]
[WhiteElo "1533"]
[BlackElo "1278"]

1. d4 Nf6 2. c4 e6 3. Nc3 Bb4 4. Nf3 c5 5. e3 cxd4 6. exd4 O-O 7. Bd3 d5 8. O-O
h6 9. Bf4 a6 10. cxd5 Nxd5 11. Nxd5 Qxd5 12. Rc1 Nc6 13. Bb1 Re8 14. Qd3 f5 15.
Rfd1 Bd6 16. Bxd6 Qxd6 17. a3 Kh8 18. Ba2 Rd8 19. Qe2 Qe7 20. Rc3 Qf6 21. Rcd3
g5 22. Ne5 Ne7 23. Qh5 Kg7 24. Qe2 Nd5 25. Qc2 Qe7 26. Bxd5 Rxd5 27. Rc3 Bd7 28.
Rc7 b5 29. h3 Qd8 30. Qc6 Rc8 31. Rxd7+ Rxd7 32. Qxd7+ Qxd7 33. Nxd7 Rc2 34. Nc5
Kf6 35. Nxa6 Rxb2 36. Nc5 Ra2 37. Rb1 Rxa3 38. Rxb5 Ra1+ 39. Kh2 Rd1 40. Rb4 Rd2
41. f3 Ke7 42. Rb7+ Kf6 43. Rd7 Re2 44. Nd3 h5 45. Ne5 g4 46. f4 1-0

[Event "Druzynowe Mistrzostwa Polski Juniorow 2019 - II Liga"]
[Site "Szczyrk"]
[Date "1899-12-30"]
[Round "3.114"]
[White "Jedrzejewska, Zuzanna"]
[Black "Krzanowska, Liliana"]
[Result "1-0"]
[WhiteTitle "I"]
[BlackTitle "I"]
[WhiteElo "1189"]
[BlackElo "1192"]

1. d4 d6 2. e4 Nf6 3. Nc3 g6 4. f4 Bg7 5. Nf3 O-O 6. e5 Ng4 7. h3 Nh6 8. g4 dxe5
9. fxe5 b6 10. Be3 Bb7 11. Bg2 e6 12. Qd2 c5 13. Bxh6 cxd4 14. Nb5 Na6 15. Bxg7
Kxg7 16. h4 h6 17. Nfxd4 Bxg2 18. Qxg2 Nc5 19. O-O-O Qe7 20. Nd6 f6 21. exf6+
Qxf6 22. g5 Qf4+ 23. Kb1 hxg5 24. b4 Qf6 25. bxc5 bxc5 26. hxg5 Rab8+ 27. Nb3
Qe7 28. Qh2 Rh8 29. Qe5+ Kf8 30. Rxh8# 1-0

[Event "Druzynowe Mistrzostwa Polski Juniorow 2019 - II Liga"]
[Site "Szczyrk"]
[Date "1899-12-30"]
[Round "3.115"]
[White "Kocierz, Pawel"]
[Black "Michalowski, Patryk"]
[Result "1-0"]
[WhiteTitle "II"]
[BlackTitle "I"]
[WhiteElo "1309"]
[BlackElo "1674"]

1. Nf3 c5 2. e4 Nc6 3. d4 cxd4 4. Nxd4 Nf6 5. Nc3 e5 6. Nb3 Bb4 7. Bg5 h6 8. Bxf6
Qxf6 9. Qd3 O-O 10. f3 Rd8 11. O-O-O Bxc3 12. Qxc3 d6 13. Kb1 Be6 14. Bc4 Rac8
15. Bxe6 Qxe6 16. Qd2 a5 17. Nxa5 Ra8 18. Nb3 Nd4 19. Qd3 Rdc8 20. Rd2 Ra4 21.
Rc1 b5 22. a3 Rca8 23. Nxd4 Rxd4 24. Qe3 Rda4 25. Qb3 Qd7 26. Rcd1 R8a6 27. c3
Qc7 28. Rd5 R4a5 29. Rxb5 Rxb5 30. Qxb5 Rb6 31. Qd3 Qc5 32. Ka2 g6 33. b4 Qc6
34. c4 Qa4 35. Kb2 Kg7 36. Qb3 Qc6 37. a4 f5 38. Rd5 fxe4 39. fxe4 Rb7 40. a5
Rf7 41. Qc2 Qa6 42. Kb3 Qa7 43. Rxd6 Qe3+ 44. Qd3 Qg1 45. Rd7 Qxg2 46. Rxf7+ Kxf7
47. Qd5+ Kf6 48. Qd6+ Kf7 49. Qxe5 Qf3+ 50. Ka4 Qd1+ 51. Kb5 Qd7+ 52. Kb6 Qa4
53. Qc7+ Kf8 54. Qd6+ Kf7 55. a6 g5 56. a7 Kg7 57. Qe7+ Kg6 58. Kb7 Qb5+ 59. cxb5
1-0

[Event "Druzynowe Mistrzostwa Polski Juniorow 2019 - II Liga"]
[Site "Szczyrk"]
[Date "1899-12-30"]
[Round "3.116"]
[White "Twardowski, Jakub"]
[Black "Grubiak, Karol"]
[Result "0-1"]
[WhiteTitle "III"]
[BlackTitle "III"]
[WhiteElo "1000"]
[BlackElo "1194"]

1. e4 e5 2. Nf3 Nc6 3. Bc4 Nd4 4. Nxe5 Qg5 5. Nxf7 Qxg2 6. Qh5 Qxh1+ 7. Bf1 Qxe4+
8. Be2 Qh1+ 9. Bf1 Qe4+ 10. Be2 g6 11. Ng5 Qh1+ 12. Bf1 gxh5 13. d3 Nxc2+ 14.
Ke2 Nxa1 15. Bd2 Qxh2 16. Bc3 Bc5 17. Ne4 d6 18. Bxh8 Bg4+ 19. Ke1 Qf4 20. Nbd2
Nc2# 0-1

[Event "Druzynowe Mistrzostwa Polski Juniorow 2019 - II Liga"]
[Site "Szczyrk"]
[Date "1899-12-30"]
[Round "3.117"]
[White "Czak, Dominik"]
[Black "Paschke, Kajetan"]
[Result "1/2-1/2"]
[WhiteTitle "III"]
[BlackTitle "III"]
[WhiteElo "1297"]
[BlackElo "1000"]

1. d4 d5 2. c4 e6 3. Nc3 Nf6 4. Bg5 Be7 5. e3 c6 6. Nf3 Nbd7 7. Be2 O-O 8. O-O
dxc4 9. Bxc4 Nd5 10. Bxe7 Qxe7 11. e4 N5b6 12. Bd3 e5 13. a4 exd4 14. Nxd4 Nf6
15. a5 Nbd7 16. Nf5 Qb4 17. Qc2 Nc5 18. Ng3 Nxd3 19. Qxd3 Be6 20. Ra4 Qe7 21.
Rd4 Ng4 22. f4 Qc5 23. b4 Qe7 24. h3 Nf6 25. Re1 c5 26. bxc5 Qxc5 27. Kh2 Qxa5
28. f5 Rac8 29. Re3 Bb3 30. e5 Ne8 31. Nd5 Bxd5 32. Rxd5 Qb6 33. e6 fxe6 34. fxe6
Nf6 35. Rd6 Qc7 36. e7 Rfe8 37. Rxf6 gxf6 38. Qd5+ Kg7 39. Qe6 h5 40. Qf5 h4 41.
Qg4+ Kf7 42. Qh5+ Kg7 43. Qg4+ Kf7 44. Qh5+ Kg7 1/2-1/2

[Event "Druzynowe Mistrzostwa Polski Juniorow 2019 - II Liga"]
[Site "Szczyrk"]
[Date "1899-12-30"]
[Round "3.118"]
[White "Kisiel, Dominik"]
[Black "Galla, Wiktor"]
[Result "1-0"]
[WhiteTitle "II"]
[BlackTitle "III"]
[WhiteElo "1061"]
[BlackElo "1000"]

1. e4 e6 2. d4 d5 3. e5 c5 4. c3 Nc6 5. Nf3 Qb6 6. Na3 a6 7. Nc2 Bd7 8. Bd3 Be7
9. O-O f6 10. Re1 Rc8 11. Rb1 cxd4 12. cxd4 Nb4 13. Nxb4 Bxb4 14. Qb3 Rc6 15.
Re2 Ba5 16. Qxb6 Bxb6 17. Be3 Nh6 18. Bxh6 gxh6 19. exf6 Rf8 20. Ne5 Rd6 21. f7+
Ke7 22. Bxh7 Kf6 23. Rd1 Rc8 24. h3 Bb5 25. Re3 Kg7 26. Bg8 Rdd8 27. Rg3+ Kf6
28. Rg6+ Ke7 29. Rxh6 Be2 30. Re1 Bb5 31. Ng6+ 1-0

[Event "Druzynowe Mistrzostwa Polski Juniorow 2019 - II Liga"]
[Site "Szczyrk"]
[Date "1899-12-30"]
[Round "3.119"]
[White "Trusz, Julia"]
[Black "Kicinska, Magdalena"]
[Result "1-0"]
[WhiteTitle "I+"]
[BlackTitle "I"]
[WhiteElo "1649"]
[BlackElo "1012"]

1. e4 c6 2. d4 d5 3. exd5 cxd5 4. Bd3 Nc6 5. c3 Nf6 6. h3 g6 7. Nf3 Bf5 8. Be2
Bg7 9. O-O O-O 10. Bf4 Qd7 11. Re1 Nh5 12. Be3 Nf6 13. Bf1 Ne4 14. Nbd2 Qd6 15.
Nb3 b6 16. Qc1 Rac8 17. Bf4 Qe6 18. Qe3 Qf6 19. Nbd2 Nxd2 20. Qxd2 Be4 21. Ne5
Nxe5 22. Bxe5 Qf5 23. Bxg7 Kxg7 24. f3 Bxf3 25. gxf3 Qxf3 26. Rxe7 Qg3+ 27. Bg2
a6 28. Rf1 Qd6 29. Qe3 a5 30. Qe5+ Qxe5 31. Rxe5 Rcd8 32. Rxd5 Rxd5 33. Bxd5 f5
34. Re1 Rd8 35. Bf3 Rd7 36. Re6 b5 37. Bc6 Rf7 38. Bxb5 f4 39. d5 f3 40. Kf2 Rf8
41. d6 Rd8 42. d7 a4 43. Re8 a3 44. bxa3 Rxd7 45. Bxd7 g5 46. Re6 g4 47. hxg4
h5 48. gxh5 Kf7 49. c4 Kg7 50. c5 Kf7 51. c6 Kg7 52. c7 Kf7 53. c8=Q Kg7 54. Rg6+
Kf7 55. Qe8# 1-0

[Event "Druzynowe Mistrzostwa Polski Juniorow 2019 - II Liga"]
[Site "Szczyrk"]
[Date "1899-12-30"]
[Round "3.120"]
[White "Kicinska, Anna"]
[Black "Pietrzak, Emilia"]
[Result "0-1"]
[WhiteTitle "I"]
[BlackTitle "I"]
[WhiteElo "1000"]
[BlackElo "1320"]

1. d4 d5 2. Nf3 Nf6 3. Bg5 Bf5 4. e3 h6 5. Bf4 e6 6. Bd3 Bxd3 7. Qxd3 Nbd7 8. O-O
Be7 9. c4 dxc4 10. Qxc4 Bd6 11. Bxd6 cxd6 12. Qb4 Qb6 13. Qxb6 Nxb6 14. Nc3 a6
15. Rac1 O-O 16. Ne2 Rac8 17. Rc3 Na4 18. Rxc8 Rxc8 19. b3 Nc3 20. Rc1 Nxe2+ 21.
Kf1 Nxc1 22. Ke1 Nxa2 23. Kd2 Ne4+ 24. Ke2 Nc1+ 25. Ke1 Nxb3 26. Ke2 a5 27. Ne1
Nc1+ 28. Kf1 Nd2+ 29. Kg1 Ne2+ 30. Kh1 Rc1 31. h3 Rxe1+ 32. Kh2 Nf1+ 33. Kh1 Nfg3+
34. Kh2 Rh1# 0-1

[Event "Druzynowe Mistrzostwa Polski Juniorow 2019 - II Liga"]
[Site "Szczyrk"]
[Date "1899-12-30"]
[Round "4.1"]
[White "Kawalko, Adam"]
[Black "Luczak, Filip"]
[Result "0-1"]
[WhiteTitle "I+"]
[BlackTitle "CM"]
[WhiteElo "1920"]
[BlackElo "2144"]

1. e4 c5 2. Nf3 Nc6 3. d4 cxd4 4. Nxd4 e5 5. Nb5 d6 6. N1c3 a6 7. Na3 Be7 8. Nc4
b5 9. Ne3 Nf6 10. Ned5 Nxd5 11. Nxd5 O-O 12. Be2 Be6 13. c3 Bg5 14. O-O Bxc1 15.
Rxc1 Rb8 16. Bf3 a5 17. Qd2 Bxd5 18. Qxd5 Ne7 19. Qd2 Qb6 20. Bd1 Rfc8 21. Bb3
a4 22. Bd5 Rc5 23. a3 Nxd5 24. exd5 h6 25. Rfe1 Rc4 26. Re3 Qc5 27. Rce1 Rc8 28.
Rg3 Rf4 29. h3 Qc4 30. Rd3 Rf6 31. f3 Qc5+ 32. Qe3 Rf4 33. g3 Rc4 34. Qxc5 R8xc5
35. Kf2 g6 36. f4 e4 37. Rd2 f5 38. Re3 Kf7 39. Kg2 g5 40. Kf2 Kf6 41. Rd1 Rc7
42. Ree1 gxf4 43. gxf4 Rg7 44. Rg1 Rxg1 45. Rxg1 Rc5 46. Rd1 Rc7 47. Re1 Kg6 48.
Rg1+ Kf6 49. Re1 Rg7 50. Re3 h5 51. Kf1 h4 52. Kf2 Rg8 53. Kf1 Ke7 54. Kf2 Kd7
55. Kf1 Ke7 56. Kf2 Kf6 57. Kf1 Rg7 58. Kf2 Kg6 59. Kg2 Kh7+ 60. Kh2 Kg8 61. Kh1
Kf8 62. Kh2 Ke8 63. Kh1 Kd8 64. Kh2 Kc8 65. c4 bxc4 66. Rc3 Rc7 67. Kg2 Kb7 68.
Kf2 Kb6 69. Ke3 Kc5 0-1

[Event "Druzynowe Mistrzostwa Polski Juniorow 2019 - II Liga"]
[Site "Szczyrk"]
[Date "1899-12-30"]
[Round "4.2"]
[White "Majewski, Krzysztof"]
[Black "Dytman, Radoslaw"]
[Result "1/2-1/2"]
[WhiteTitle "I"]
[BlackTitle "I"]
[WhiteElo "1719"]
[BlackElo "1745"]

1. Nf3 Nf6 2. g3 g6 3. Bg2 Bg7 4. O-O O-O 5. d4 d6 6. Re1 c6 7. e4 Qc7 8. h3 e5
9. Nc3 Nbd7 10. Be3 exd4 11. Bxd4 Re8 12. Qd2 Ne5 13. Nxe5 dxe5 14. Be3 Be6 15.
Qe2 Nd7 16. Rad1 Nb6 17. b3 Bf8 18. Nb1 a5 19. a4 Bb4 20. Bd2 Nd7 21. Bxb4 axb4
22. Nd2 b5 23. axb5 cxb5 24. Nf1 Ra2 25. Rd2 Qc5 26. Red1 Nf8 27. Ne3 Rc8 28.
Bf1 Rb8 29. Kh2 Kg7 30. Kg1 f6 31. Qd3 Bf7 32. c4 Rxd2 33. Qxd2 Ne6 34. Qd6 Qxd6
35. Rxd6 Nc5 36. cxb5 Nxe4 37. Rd7 Kf8 38. Nc2 Nc3 39. Nxb4 Nxb5 40. Nc6 Rb6 41.
Na5 Nd4 42. Bc4 Bxc4 43. bxc4 Rb1+ 44. Kg2 Rc1 45. Rxh7 e4 46. Rd7 Nf3 47. h4
Rg1+ 48. Kh3 Rh1+ 49. Kg2 Rh2+ 50. Kf1 Rh1+ 51. Kg2 Rg1+ 52. Kh3 f5 53. Rb7 Ne1
54. Kh2 Nf3+ 55. Kh3 Rh1+ 56. Kg2 1/2-1/2

[Event "Druzynowe Mistrzostwa Polski Juniorow 2019 - II Liga"]
[Site "Szczyrk"]
[Date "1899-12-30"]
[Round "4.3"]
[White "Madajczak, Piotr"]
[Black "Grzesik, Gracjan"]
[Result "0-1"]
[WhiteTitle "I"]
[BlackTitle "I++"]
[WhiteElo "1645"]
[BlackElo "1974"]

1. e4 c5 2. Nf3 d6 3. d4 cxd4 4. Nxd4 Nf6 5. Nc3 a6 6. Be2 e5 7. Nb3 Be7 8. O-O
O-O 9. Kh1 Be6 10. f4 exf4 11. Bxf4 Nc6 12. Qd2 Ne5 13. Rad1 Rc8 14. Nd4 Qc7 15.
Nf5 Bxf5 16. exf5 b5 17. a3 Rfd8 18. Qe3 Re8 19. Qg3 Kh8 20. Rd2 Nc4 21. Bxc4
Qxc4 22. Qd3 d5 23. Qxc4 Rxc4 24. g3 Bxa3 25. Nxd5 Nxd5 26. bxa3 Nxf4 27. Rxf4
Rxf4 28. gxf4 h6 29. Rd6 Re1+ 30. Kg2 Re2+ 31. Kg1 Rxc2 32. Rxa6 f6 33. Ra5 Rc5
34. a4 Rxf5 35. Rxb5 Rxf4 36. a5 Ra4 37. Rb8+ Kh7 38. Ra8 Kg6 39. a6 Ra2 40. Kh1
Kf5 41. Rg8 g5 42. Rh8 Rxa6 43. Rxh6 Kg4 44. Kg2 Ra2+ 45. Kg1 f5 46. Rb6 f4 47.
Rb4 Re2 48. Ra4 Kf3 49. Ra3+ Re3 50. Ra1 Rd3 51. Re1 g4 52. Rf1+ Ke4 53. Re1+
Re3 54. Ra1 Re2 55. Ra4+ Kf3 56. Ra3+ Re3 57. Ra1 g3 58. hxg3 Kxg3 59. Kf1 Rb3
60. Ra8 Rb1+ 61. Ke2 f3+ 62. Ke3 Re1+ 63. Kd2 Re2+ 64. Kd1 Kf2 65. Rf8 Re7 66.
Kd2 Rd7+ 67. Kc2 Kg2 68. Rg8+ Kf1 69. Rf8 f2 70. Kc3 Rg7 71. Kd2 Kg1 72. Ke2 Re7+
73. Kd2 f1=Q 74. Rg8+ Qg2+ 0-1

[Event "Druzynowe Mistrzostwa Polski Juniorow 2019 - II Liga"]
[Site "Szczyrk"]
[Date "1899-12-30"]
[Round "4.4"]
[White "Bochniak, Franciszek"]
[Black "Grot, Blazej"]
[Result "0-1"]
[WhiteTitle "II+"]
[BlackTitle "CM"]
[WhiteElo "1194"]
[BlackElo "1611"]

1. d4 Nf6 2. c4 e6 3. Nc3 Bb4 4. e3 Bxc3+ 5. bxc3 b6 6. Bd3 Bb7 7. f3 d5 8. cxd5
exd5 9. Ne2 O-O 10. O-O Nbd7 11. Qc2 Re8 12. Ng3 c5 13. Re1 Rc8 14. Qb2 Nf8 15.
Bd2 Ne6 16. Rad1 Qc7 17. Rc1 Qb8 18. a4 Bc6 19. Qa3 h5 20. Ra1 h4 21. Ne2 Ng5
22. Rf1 Bd7 23. Bb5 Qd6 24. Rae1 h3 25. g3 Bxb5 26. axb5 Qd7 27. Rb1 Qf5 28. Nf4
Nxf3+ 29. Rxf3 Qxb1+ 30. Rf1 Qc2 31. Qc1 Qxc1 32. Rxc1 Ne4 33. Be1 Nf6 34. Bd2
cxd4 35. exd4 Rc4 36. Ra1 Ne4 37. Be1 Nxc3 38. Bxc3 Rxc3 39. Nxd5 Rc2 40. Nf4
Rec8 41. Rxa7 Rc1+ 42. Kf2 R8c2+ 43. Kf3 Rxh2 44. Nxh3 Rxh3 45. d5 Rh5 46. d6
Rd5 47. d7 Rcd1 0-1

[Event "Druzynowe Mistrzostwa Polski Juniorow 2019 - II Liga"]
[Site "Szczyrk"]
[Date "1899-12-30"]
[Round "4.5"]
[White "Krzyzosiak, Anna"]
[Black "Bienko, Jagoda"]
[Result "1-0"]
[WhiteTitle "I++"]
[BlackTitle "I"]
[WhiteElo "1546"]
[BlackElo "1415"]

1. e4 c5 2. Nf3 Nc6 3. d4 cxd4 4. Nxd4 g6 5. c4 Bg7 6. Be3 Nf6 7. Nc3 O-O 8. Be2
e6 9. O-O d5 10. cxd5 exd5 11. exd5 Nxd5 12. Nxc6 bxc6 13. Nxd5 Qxd5 14. Qxd5
cxd5 15. Rad1 Bxb2 16. Rxd5 Be6 17. Ra5 Rfd8 18. Bf3 Rac8 19. Rxa7 Bd5 20. Bxd5
Rxd5 21. g3 Kg7 22. Rb1 Rb8 23. a4 Rd3 24. a5 Ra3 25. Rxb2 Rxb2 26. Bd4+ Kf8 27.
Bxb2 Ra2 28. Bf6 Ke8 29. a6 Ra5 30. Re7+ Kf8 31. Rb7 Rxa6 32. Rb8# 1-0

[Event "Druzynowe Mistrzostwa Polski Juniorow 2019 - II Liga"]
[Site "Szczyrk"]
[Date "1899-12-30"]
[Round "4.6"]
[White "Grzesik, Nikola"]
[Black "Jedrzejko, Martyna"]
[Result "0-1"]
[WhiteTitle "I"]
[BlackTitle "I"]
[WhiteElo "1338"]
[BlackElo "1472"]

1. e4 e6 2. Nf3 d5 3. exd5 exd5 4. d4 Nf6 5. Bd3 Bd6 6. c3 Bg4 7. Be3 O-O 8. Nbd2
c6 9. Qc2 Re8 10. O-O Nbd7 11. Rfe1 Qc7 12. h3 Bxf3 13. Nxf3 Ne4 14. Ng5 f5 15.
Bxe4 fxe4 16. h4 Nf6 17. b3 Ng4 18. Nh3 Rf8 19. c4 Be7 20. Bf4 Rxf4 21. Nxf4 Qxf4
22. g3 Qd6 23. Qe2 Nf6 24. c5 Qd7 25. Kg2 b6 26. cxb6 axb6 27. a4 Bb4 28. Rec1
c5 29. dxc5 bxc5 30. Rd1 d4 31. Rf1 d3 32. Qd1 Ng4 33. Rh1 e3 34. Qf3 Rf8 35.
Qe4 Rxf2+ 36. Kg1 d2 37. Rd1 e2 38. Qc4+ Kh8 39. Rb1 d1=R+ 40. Rxd1 exd1=R+ 41.
Qf1 Rdxf1# 0-1

[Event "Druzynowe Mistrzostwa Polski Juniorow 2019 - II Liga"]
[Site "Szczyrk"]
[Date "1899-12-30"]
[Round "4.7"]
[White "Sanz, Wawer Daniel"]
[Black "Hrymowicz, Artur"]
[Result "1/2-1/2"]
[WhiteTitle "k"]
[BlackTitle "I++"]
[WhiteElo "2154"]
[BlackElo "2052"]

1. d4 Nf6 2. c4 b6 3. Nc3 Bb7 4. Qc2 d5 5. cxd5 Nxd5 6. Nf3 e6 7. e4 Nxc3 8. bxc3
Be7 9. Bb5+ c6 10. Bd3 c5 11. O-O O-O 12. Bb2 cxd4 13. cxd4 Nc6 14. Qe2 Rc8 15.
Rfd1 Bf6 16. e5 Be7 17. Be4 Na5 18. Bxb7 Nxb7 19. Qe4 Qd5 20. Qxd5 exd5 21. Rac1
Na5 22. Rxc8 Rxc8 23. Rc1 Nc4 24. Rc2 Kf8 25. Nd2 b5 26. f4 Rc6 27. Nxc4 bxc4
28. Kf2 Ra6 29. Bc3 Ba3 30. Bb2 Bb4 31. Bc1 Ke7 32. f5 Kd7 33. g4 Kc6 34. Kf3
Ba3 35. Bg5 Kd7 36. h3 Rb6 37. Re2 Ke8 38. Bh4 Rb2 39. Rxb2 Bxb2 40. Ke3 Kd7 41.
Be1 Kc6 42. Bb4 c3 43. Kd3 c2 44. Kxc2 Bxd4 45. Bc3 Bc5 1/2-1/2

[Event "Druzynowe Mistrzostwa Polski Juniorow 2019 - II Liga"]
[Site "Szczyrk"]
[Date "1899-12-30"]
[Round "4.8"]
[White "Jordan, Adam"]
[Black "Golecki, Jan"]
[Result "1/2-1/2"]
[WhiteTitle "I+"]
[BlackTitle "I++"]
[WhiteElo "1974"]
[BlackElo "1947"]

1. d4 d5 2. Nf3 Nf6 3. c4 e6 4. Nc3 a6 5. e3 Nbd7 6. c5 c6 7. Bd3 Qc7 8. O-O Be7
9. e4 dxe4 10. Nxe4 h6 11. Nxf6+ Bxf6 12. Re1 b6 13. cxb6 Qxb6 14. Bc2 Bb7 15.
Be3 Qa5 16. a3 Qh5 17. Rc1 Rc8 18. b4 O-O 19. Qd3 g6 20. Bd1 Qb5 21. Qd2 h5 22.
Ng5 Be7 23. Bf4 Nb6 24. Ne4 Qd5 25. Bd6 Bxd6 26. Nf6+ Kg7 27. Nxd5 cxd5 28. Bb3
Nc4 29. Bxc4 dxc4 30. g3 Bd5 31. f4 f5 32. Qc3 Kf7 33. Rb1 h4 34. a4 hxg3 35.
hxg3 g5 36. fxg5 Rh8 37. Rb2 Rh3 38. Rg2 Bxg2 39. d5 Bxd5 40. Qf6+ Kg8 41. Qg6+
Kh8 42. Qf6+ Kg8 43. Qg6+ 1/2-1/2

[Event "Druzynowe Mistrzostwa Polski Juniorow 2019 - II Liga"]
[Site "Szczyrk"]
[Date "1899-12-30"]
[Round "4.9"]
[White "Kazmierowski, Tymon"]
[Black "Taranowicz, Michal"]
[Result "1/2-1/2"]
[WhiteTitle "II"]
[BlackTitle "I"]
[WhiteElo "1537"]
[BlackElo "1630"]

1. d4 Nf6 2. c4 g6 3. Nc3 Bg7 4. e4 d6 5. Nf3 O-O 6. Be2 Nc6 7. O-O e5 8. dxe5
dxe5 9. Qxd8 Rxd8 10. Bg5 h6 11. Bxf6 Bxf6 12. Nd5 Bg7 13. Nxc7 Rb8 14. Rfd1 Nd4
15. Nxd4 exd4 16. f4 b6 17. Nd5 Bb7 18. Bf3 Bf8 19. a3 b5 20. cxb5 Bxd5 21. exd5
Rxb5 22. b4 a5 23. Rab1 axb4 24. axb4 Rxb4 25. Rxb4 Bxb4 26. Kf1 Bc3 27. Ke2 Kf8
28. Kd3 Ke7 29. Rb1 Kf6 30. Rb6+ Kf5 31. Rb7 Kf6 32. Rb6+ Ke7 33. g4 f6 34. Re6+
Kf7 35. f5 g5 36. d6 Bb4 37. Bd5 Kg7 38. Kxd4 Bxd6 39. h3 Be5+ 40. Ke4 Rd7 41.
Rb6 Ra7 42. Rb7+ 1/2-1/2

[Event "Druzynowe Mistrzostwa Polski Juniorow 2019 - II Liga"]
[Site "Szczyrk"]
[Date "1899-12-30"]
[Round "4.10"]
[White "Kitewski, Bartosz"]
[Black "Mulawa, Cyprian"]
[Result "1/2-1/2"]
[WhiteTitle "II"]
[BlackTitle "II+"]
[WhiteElo "1447"]
[BlackElo "1454"]

1. d4 Nf6 2. c4 g6 3. Nc3 Bg7 4. e4 d6 5. Nf3 O-O 6. Be2 e5 7. O-O Nc6 8. d5 Ne7
9. Ne1 Ne8 10. Be3 f5 11. f3 f4 12. Bf2 b6 13. b4 g5 14. c5 h5 15. Rc1 a5 16.
cxd6 cxd6 17. Na4 axb4 18. Bb5 Ng6 19. Bxb6 Qe7 20. Nd3 Bd7 21. Bc6 Rb8 22. Nxb4
g4 23. Na6 Rc8 24. Qe2 gxf3 25. gxf3 Bh3 26. Rf2 Kh7 27. Kh1 Bh6 28. Rb1 Nh4 29.
Ba5 Qf6 30. Rg1 Rg8 31. Rxg8 Kxg8 32. Nb6 Rd8 33. Nd7 Rxd7 34. Bxd7 Bxd7 35. Rf1
Bh3 36. Rg1+ Kh7 37. Be1 Bg5 38. a4 Kh6 39. Nb4 Qd8 40. Nc6 Qb6 41. a5 Qe3 42.
Qxe3 fxe3 43. Rg3 Bd7 44. a6 Nc7 45. a7 Kg6 46. Ba5 Na8 47. Bd8 e2 48. Ba5 Kf6
49. Rxg5 Kxg5 50. Bd8+ Kf4 51. Bxh4 Kxf3 52. Kg1 Kxe4 53. Nb4 Kd4 54. Be1 Kc5
55. Na2 Kb6 56. Nc3 Kxa7 57. Ne4 Nc7 58. Nxd6 Nxd5 59. Nf7 e4 60. Kf2 Bg4 61.
Ne5 Nf6 62. Nxg4 Nxg4+ 63. Kxe2 Nxh2 64. Ke3 Nf3 65. Bf2 h4 66. Bxh4 Nxh4 67.
Kxe4 1/2-1/2

[Event "Druzynowe Mistrzostwa Polski Juniorow 2019 - II Liga"]
[Site "Szczyrk"]
[Date "1899-12-30"]
[Round "4.11"]
[White "Trzaskowska, Hanna"]
[Black "Bohdanowicz, Nikola"]
[Result "1-0"]
[WhiteTitle "I"]
[BlackTitle "I"]
[WhiteElo "1628"]
[BlackElo "1266"]

1. e4 c5 2. Nf3 Nc6 3. Bb5 g6 4. O-O Bg7 5. c3 a6 6. Bxc6 bxc6 7. d4 cxd4 8. cxd4
d5 9. e5 Bg4 10. h3 Bxf3 11. Qxf3 Qb6 12. Qc3 e6 13. b3 Ne7 14. Ba3 Nf5 15. Bc5
Qb5 16. Nd2 Bf8 17. Bxf8 Kxf8 18. Rfc1 Rc8 19. Nf3 Kg7 20. Rc2 Rc7 21. Rac1 Rhc8
22. Qd2 c5 23. Qg5 h6 24. Qf6+ Kg8 25. g4 Ng7 26. Qh4 h5 27. dxc5 Rxc5 28. Rxc5
Rxc5 29. Qd8+ Ne8 30. Rxc5 Qxc5 31. Qxe8+ Kg7 32. Qa4 Qc3 33. Kg2 a5 34. gxh5
gxh5 35. Qh4 Qb2 36. Qf6+ Kg8 37. Ng5 d4 38. Qxf7+ Kh8 39. Qh7# 1-0

[Event "Druzynowe Mistrzostwa Polski Juniorow 2019 - II Liga"]
[Site "Szczyrk"]
[Date "1899-12-30"]
[Round "4.12"]
[White "Filipiak, Magdalena"]
[Black "Moscicka, Alicja"]
[Result "1/2-1/2"]
[WhiteTitle "I"]
[BlackTitle "II"]
[WhiteElo "1168"]
[BlackElo "1000"]

1. d4 Nf6 2. c4 e6 3. Nc3 Bb4 4. Nf3 O-O 5. e3 b6 6. Bd3 Bb7 7. O-O c5 8. Bd2 d6
9. a3 Bxc3 10. Bxc3 Nbd7 11. Bc2 d5 12. cxd5 exd5 13. Qd3 Ne4 14. Rac1 Rc8 15.
Bb1 Ndf6 16. Ne5 Re8 17. f3 Ng5 18. Bd2 Ne6 19. Ng4 g6 20. Rf2 Nxg4 21. fxg4 Rf8
22. Rcf1 Rc7 23. g3 Ng5 24. Rf6 Ne4 25. R6f4 c4 26. Qc2 Re7 27. Kg2 a5 28. h4
Bc8 29. Rh1 f5 30. g5 Qe8 31. Bc1 Rb7 32. Qe2 b5 33. Rhf1 b4 34. Bxe4 dxe4 35.
Qxc4+ Be6 36. Qa6 Rff7 37. Qxa5 Qb5 38. Qxb5 Rxb5 39. axb4 Rxb4 40. R4f2 Kf8 41.
Rc2 Ke8 42. Bd2 Rb6 43. Rfc1 Rb8 44. Ba5 Kf8 45. b4 Rfb7 46. Rc7 Kg8 47. Rxb7
Rxb7 48. Rc7 Rb8 49. Kf2 Rc8 50. Rxc8+ Bxc8 51. Ke2 Kf7 52. Kd2 Ke6 53. Kc3 Ba6
54. Bb6 Kd6 55. Bc5+ Kc6 56. Kb3 Bb5 57. Kb2 Kd5 58. Kc3 Kc6 59. Kb2 Kd5 60. Be7
Kc4 61. Kc2 Kd5 62. Kb3 Kc6 63. d5+ Kxd5 64. Kc3 Ke5 65. Bf6+ Kd5 66. Kb3 Kc6
67. Kb2 Kd6 68. Bg7 Kc6 69. Bf8 Bc4 70. Kc3 Kd5 71. b5 Bxb5 72. Kb3 Bf1 73. Kb4
Bc4 1/2-1/2

[Event "Druzynowe Mistrzostwa Polski Juniorow 2019 - II Liga"]
[Site "Szczyrk"]
[Date "1899-12-30"]
[Round "4.13"]
[White "Pniaczek, Marek"]
[Black "Rudzinska, Michalina"]
[Result "1-0"]
[WhiteTitle "CM"]
[BlackTitle "WFM"]
[WhiteElo "2276"]
[BlackElo "2143"]

1. e4 c5 2. Nf3 e6 3. d4 cxd4 4. Nxd4 a6 5. g3 Qc7 6. Bg2 Nf6 7. O-O d6 8. b3 Be7
9. c4 O-O 10. Bb2 Nc6 11. Nxc6 bxc6 12. Nc3 e5 13. Qd2 Rb8 14. Rac1 h6 15. Na4
Be6 16. f4 Nh7 17. c5 Rbd8 18. cxd6 Bxd6 19. Qc3 Qe7 20. Qxc6 Bd7 21. Qxa6 Ra8
22. Qc4 Bxa4 23. bxa4 Nf6 24. fxe5 Bxe5 25. Bxe5 Qxe5 26. Rf5 Qb2 27. Rf2 Qe5
28. Qb5 Qd4 29. Rc4 Qa1+ 30. Bf1 Rab8 31. Qf5 Rfe8 32. Rfc2 g6 33. Qf3 Rb1 34.
Rf2 Re6 35. Rc8+ Kg7 36. Qa3 Nd7 37. Kg2 Rd1 38. Bc4 Rg1+ 39. Kh3 Qe5 40. Qb2
Nf6 41. Qxe5 Rxe5 42. Rf4 g5 43. Rf5 g4+ 44. Kh4 Rh1 45. Rxf6 Kxf6 46. Kxg4 Rxe4+
47. Kf3 Re5 48. Rc6+ Kg7 49. Rc7 Rf5+ 50. Ke4 Rf6 51. a5 Rc1 52. Rc8 Rd6 53. a6
Re1+ 54. Kf3 Re7 55. Bb5 Ra7 56. Rb8 Rdxa6 57. Bxa6 Rxa6 58. Rb2 Kf6 59. Ke4 Ke6
60. Kd4 Kd6 61. Kc4 f6 62. Rf2 Ke5 63. Kb5 Ra8 64. a4 Rb8+ 65. Kc6 Ra8 66. Ra2
f5 67. a5 f4 68. gxf4+ Kxf4 69. a6 h5 70. a7 1-0

[Event "Druzynowe Mistrzostwa Polski Juniorow 2019 - II Liga"]
[Site "Szczyrk"]
[Date "1899-12-30"]
[Round "4.14"]
[White "Wierzbicki, Michal"]
[Black "Musial, Tomasz"]
[Result "0-1"]
[WhiteTitle "I+"]
[BlackTitle "k"]
[WhiteElo "2007"]
[BlackElo "1856"]

1. d4 Nf6 2. Nf3 g6 3. c4 Bg7 4. Nc3 d6 5. Bg5 h6 6. Bh4 g5 7. Bg3 Nh5 8. e3 c5
9. d5 Qa5 10. Qb3 Nd7 11. Be2 Nb6 12. O-O Nxg3 13. hxg3 Bd7 14. Rab1 O-O-O 15.
Rfc1 Bf5 16. e4 Bxc3 17. exf5 Bf6 18. a3 Nd7 19. Qa2 Qc7 20. b4 h5 21. Nd2 Rdg8
22. Ne4 Bd4 23. Rd1 g4 24. a4 h4 25. Rxd4 cxd4 26. Qd2 hxg3 27. Nxg3 a5 28. c5
axb4 29. c6 bxc6 30. dxc6 Nc5 31. Qxb4 d3 32. Bxg4 Rh4 33. f3 Qa7 34. Kf1 Kc7
35. Re1 Qxa4 36. Rxe7+ Kxc6 37. Qxa4+ Nxa4 38. Ke1 Rb8 39. Kd2 Nc5 40. Ne4 Rb2+
41. Ke3 Re2+ 42. Kf4 d2 0-1